<?xml version="1.0" encoding="UTF-8"?>
<collection xmlns="http://www.loc.gov/MARC21/slim">
 <record>
  <leader>01085pam a22002658a 4500</leader>
  <controlfield tag="001">00025674</controlfield>
  <controlfield tag="005">20171026081022.0</controlfield>
  <controlfield tag="008">110810s2010                  ||||||Viesd</controlfield>
  <datafield tag="020" ind1=" " ind2=" ">
   <subfield code="c">24000</subfield>
  </datafield>
  <datafield tag="041" ind1="0" ind2="#">
   <subfield code="a">Vie</subfield>
  </datafield>
  <datafield tag="082" ind1="1" ind2="4">
   <subfield code="a">516.076</subfield>
   <subfield code="b">B103T</subfield>
  </datafield>
  <datafield tag="100" ind1="1" ind2="#">
   <subfield code="a">Phạm Bình Đô</subfield>
  </datafield>
  <datafield tag="245" ind1="1" ind2="0">
   <subfield code="a">Bài tập hình học xạ ảnh</subfield>
   <subfield code="c">Phạm Bình Đô</subfield>
  </datafield>
  <datafield tag="250" ind1="#" ind2="#">
   <subfield code="a">Tái bản lần thứ 3 có chỉnh lí bổ sung</subfield>
  </datafield>
  <datafield tag="260" ind1="#" ind2="#">
   <subfield code="a">H.</subfield>
   <subfield code="b">ĐH Sư phạm</subfield>
   <subfield code="c">2010</subfield>
  </datafield>
  <datafield tag="300" ind1="#" ind2="#">
   <subfield code="a">219 tr.</subfield>
   <subfield code="c">21 cm.</subfield>
   <subfield code="b">hình vẽ</subfield>
  </datafield>
  <datafield tag="650" ind1="#" ind2="4">
   <subfield code="a">Giáo trình</subfield>
  </datafield>
  <datafield tag="650" ind1="#" ind2="4">
   <subfield code="a">Hình học xạ ảnh</subfield>
  </datafield>
  <datafield tag="852" ind1="#" ind2="#">
   <subfield code="b">Kho giáo trình</subfield>
   <subfield code="j">KGT.0031845, KGT.0031846</subfield>
  </datafield>
  <datafield tag="852" ind1="#" ind2="#">
   <subfield code="b">Kho mượn</subfield>
   <subfield code="j">KGT.0031845</subfield>
  </datafield>
  <datafield tag="852" ind1="#" ind2="#">
   <subfield code="b">Kho đọc</subfield>
   <subfield code="j">KD.0010613</subfield>
  </datafield>
  <datafield tag="852" ind1="#" ind2="#">
   <subfield code="j">KD.0010613</subfield>
   <subfield code="j">KGT.0031845</subfield>
   <subfield code="j">KGT.0031846</subfield>
   <subfield code="j">KGT.0056090</subfield>
   <subfield code="j">KGT.0056091</subfield>
   <subfield code="j">KGT.0056092</subfield>
   <subfield code="j">KGT.0056093</subfield>
   <subfield code="j">KGT.0056094</subfield>
   <subfield code="j">KGT.0056095</subfield>
   <subfield code="j">KGT.0056096</subfield>
   <subfield code="j">KGT.0056097</subfield>
   <subfield code="j">KGT.0056098</subfield>
   <subfield code="j">KGT.0056099</subfield>
   <subfield code="j">KGT.0056100</subfield>
   <subfield code="j">KGT.0056101</subfield>
   <subfield code="j">KGT.0056102</subfield>
   <subfield code="j">KGT.0056103</subfield>
   <subfield code="j">KGT.0056104</subfield>
  </datafield>
  <datafield tag="910" ind1="0" ind2="#">
   <subfield code="d">10/08/2011</subfield>
  </datafield>
  <datafield tag="980" ind1="#" ind2="#">
   <subfield code="a">Trung tâm Học liệu Lê Vũ Hùng, Trường Đại học Đồng Tháp</subfield>
  </datafield>
 </record>
</collection>
